Parties That Contested the 2017 New Zealand Election - Statistics

General Stats
  • This quiz has been taken 14 times
  • The average score is 8 of 16
Answer Stats
% seats party % Correct
37 46 Labour
100%
44 56 National
100%
6 8 Green
93%
1.2 - Maori
93%
7 9 NZ First
93%
0.5 1 Act
79%
0.2 - Conservative
50%
2.4 - Opportunities (TOP)
50%
0.0 - Democrats for Social Credit
43%
0.1 - Mana
43%
0.1 - Ban 1080
29%
0.1 - United Future
29%
0.0 - Internet
14%
0.3 - Legalise Cannabis (ALCP)
14%
0.1 - NZ Outdoors
7%
0.1 - NZ People's
0%
No matching quizzes found
Score Distribution
Percent of People with Each Score
Percentile by Number Answered
Your Score History
You have not taken this quiz